书目信息 |
| 题名: |
俄国民粹派文选
|
|
| 作者: | ;中共中央马克思恩格斯列宁斯大林编译局国际共运史研究室 编 | |
| 分册: | ||
| 出版信息: | 北京 人民出版社 1983 |
|
| 页数: | 1035页 | |
| 开本: | 21cm | |
| 丛书名: | ||
| 单 册: | ||
| 中图分类: | D07 , D091.4 | |
| 科图分类: | ||
| 主题词: | 民粹派--俄国--文集 , 政治学--历史 , 政治思想史 | |
| 电子资源: | ||
| ISBN: | ||
| 000 | 00892nam0 2200277 45 | |
| 001 | 0183005511 | |
| 005 | 20040429143750.3 | |
| 010 | @dCNY4.55 | |
| 091 | @a3001.1887 | |
| 100 | @a19951001d1983 emky0chiy0121 ea | |
| 101 | 1 | @achi@crus |
| 102 | @aCN@b110000 | |
| 105 | @ay z 000yy | |
| 106 | @ar | |
| 200 | 10 | @a俄国民粹派文选@Ae guo min cui pai wen xuan@f中共中央马克思恩格斯列宁斯大林编译局国际共运史研究室编译 |
| 210 | @a北京@c人民出版社@d1983 | |
| 215 | @a1035页@d21cm | |
| 606 | @a民粹派@y俄国@x文集 | |
| 606 | 0 | @a政治学@x历史 |
| 606 | 0 | @a政治思想史 |
| 690 | @aD07@v3 | |
| 690 | @aD091.4 | |
| 711 | 02 | @a中共中央马克思恩格斯列宁斯大林编译局国际共运史研究室@Azhong gong zhong yang ma ke si en ge si lie ning si da lin bian yi ju guo ji gong yun shi yan jiu shi@4编 |
| 801 | 0 | @aCN@b上海图书馆@c20040429 |
| 801 | 2 | @aCN@bNLC@c20040429 |
| 905 | @f1@b218368@dD091.4@e47 | |
| 俄国民粹派文选/中共中央马克思恩格斯列宁斯大林编译局国际共运史研究室编译.-北京:人民出版社,1983 |
| 1035页;21cm |
| ISBN :CNY4.55 |
| ● |
| 相关链接 |
|
|
|
|
正题名:俄国民粹派文选
索取号:D091.4/47
 
预约/预借
| 序号 | 登录号 | 条形码 | 馆藏地/架位号 | 状态 | 备注 |
| 1 | 0218368 | 001020656 | 第一借阅区/ [索取号:D091.4/47] | 在馆 | |
| 2 | 0218369 | 001019221 | 第一样本阅览室/ [索取号:D091.4/47] | 在馆 |